[Event "XXV Miedzynarodowy Festiwal Szachowy w Poznaniu - OPEN A"]
[Site "Poznan"]
[Date "2017.08.26"]
[Round "8.16"]
[White "Sacharewicz, Krzysztof "]
[Black "Michalski, Karol "]
[Result "1/2-1/2"]
[WhiteTitle ""]
[BlackTitle ""]
[WhiteElo "1800"]
[BlackElo "1992"]

1. d4 d5 2. Nf3 c6 3. Bf4 Nf6 4. e3 Bg4 5. Nbd2 Nbd7 6. Bd3 Nh5 7. Bg5 h6 8. Bh4
g5 9. Bg3 Nxg3 10. hxg3 e5 11. dxe5 Nxe5 12. Be2 Bxf3 13. Nxf3 Nxf3+ 14. Bxf3
Bg7 15. c3 Qb6 16. Qb3 O-O-O 17. Qxb6 axb6 18. Bg4+ Kc7 1/2-1/2

[Event "XXV Miedzynarodowy Festiwal Szachowy w Poznaniu - OPEN A"]
[Site "Poznan"]
[Date "2017.08.26"]
[Round "8.18"]
[White "Kozlowska, Marzena "]
[Black "Wojciechowski, Antoni"]
[Result "1-0"]
[WhiteTitle ""]
[BlackTitle ""]
[WhiteElo "1970"]
[BlackElo "1581"]

1. e4 e5 2. Nf3 Nf6 3. Nc3 Bb4 4. Nxe5 O-O 5. Nd3 Bxc3 6. dxc3 Re8 7. Be2 Nxe4
8. O-O Nc6 9. Re1 d6 10. Bf4 Qf6 11. f3 Ng5 12. Qd2 h6 13. Nf2 Bf5 14. Bxg5 Qxg5
15. Qxg5 hxg5 16. Bd3 Bxd3 17. cxd3 d5 18. d4 Kf8 19. Nd3 b6 20. Kf2 Ne7 21. Re2
Ng6 22. Rae1 Rxe2+ 23. Rxe2 Re8 24. g3 a5 25. Rxe8+ Kxe8 26. Ke3 Kd7 27. f4 gxf4+
28. Nxf4 Nxf4 29. Kxf4 Ke6 30. g4 c5 31. h4 a4 32. h5 c4 33. g5 f6 34. g6 b5 35.
a3 f5 36. Kg5 f4 37. Kxf4 Kf6 38. Kg4 Ke6 39. Kg5 Ke7 40. Kf5 1-0

[Event "XXV Miedzynarodowy Festiwal Szachowy w Poznaniu - OPEN A"]
[Site "Poznan"]
[Date "2017.08.26"]
[Round "8.19"]
[White "Walkowski, Milosz"]
[Black "Rozumek, Krzysztof "]
[Result "1-0"]
[WhiteTitle ""]
[BlackTitle ""]
[WhiteElo "1772"]
[BlackElo "1952"]

1. d4 d5 2. c4 c6 3. Nf3 Nf6 4. Nc3 dxc4 5. a4 Bf5 6. e3 e6 7. Bxc4 Nbd7 8. O-O
Bb4 9. Qe2 O-O 10. Rd1 Bxc3 11. bxc3 Ne4 12. Qb2 Qb6 13. Bd3 Nd6 14. Qc2 Rfd8
15. e4 Bg6 16. Bf4 Nf8 17. Ne5 c5 18. a5 Qc7 19. Nc4 cxd4 20. Bxd6 Rxd6 21. Nxd6
Qxd6 22. cxd4 Qxd4 23. Qa4 Qe5 24. Be2 Rb8 25. g3 b5 26. axb6 Rxb6 27. f4 Qb8
28. Rd4 Rb2 29. Qa5 Rb1+ 30. Rxb1 Qxb1+ 31. Rd1 Qb6+ 32. Qxb6 axb6 33. Bf3 f6
34. Rd6 b5 35. f5 Bf7 36. Rb6 exf5 37. exf5 Bc4 38. Bc6 g6 39. Bxb5 Bxb5 40. Rxb5
gxf5 41. Rxf5 Kg7 42. Rb5 Ne6 43. Kg2 Kg6 44. h4 h5 45. Rd5 Ng7 46. Kf3 Nf5 47.
Kf4 Ng7 48. Rd6 Nf5 49. Ra6 Ng7 50. Ra5 Ne6+ 51. Ke3 Ng7 52. Ra3 Nf5+ 53. Kf4
Ne7 54. Ke4 Nf5 55. Kf4 Nh6 56. Ra8 Kg7 57. Ke4 Kg6 58. Ra5 Ng4 59. Kf4 Nh6 60.
Ra8 Kg7 61. Ke4 Kg6 62. Kd5 1-0

[Event "XXV Miedzynarodowy Festiwal Szachowy w Poznaniu - OPEN A"]
[Site "Poznan"]
[Date "2017.08.26"]
[Round "8.20"]
[White "Mocny, Tomasz"]
[Black "Sobczak, Miroslaw"]
[Result "1-0"]
[WhiteTitle ""]
[BlackTitle ""]
[WhiteElo "1731"]
[BlackElo "1925"]

1. d4 Nf6 2. Nf3 e6 3. c4 b6 4. Nc3 Bb7 5. g3 Bb4 6. Qb3 Nc6 7. Be3 Ne4 8. Bg2
Qe7 9. Qc2 Bxc3+ 10. bxc3 Qa3 11. Rc1 Na5 12. Ne5 f5 13. f3 Nf6 14. c5 bxc5 15.
dxc5 d6 16. Nd3 Nd5 17. Bf2 Ba6 18. Qb2 Qa4 19. Nb4 Rb8 20. O-O O-O 21. Qc2 Qxc2
22. Rxc2 Nxb4 23. cxb4 Rxb4 24. cxd6 cxd6 25. Bxa7 Bc4 26. Rd1 Ra8 27. Bf2 Nb7
28. Be1 Rba4 29. Rb2 Bd5 30. e4 fxe4 31. fxe4 Rxa2 32. Rb6 Rxg2+ 33. Kxg2 Bxe4+
34. Kf1 Bd5 35. Rxd5 1-0

[Event "XXV Miedzynarodowy Festiwal Szachowy w Poznaniu - OPEN A"]
[Site "Poznan"]
[Date "2017.08.26"]
[Round "8.21"]
[White "Janicki, Rafal "]
[Black "Niemier, Hubert"]
[Result "1-0"]
[WhiteTitle ""]
[BlackTitle ""]
[WhiteElo "1692"]
[BlackElo "1924"]

1. e4 c6 2. d4 d5 3. e5 Bf5 4. Nc3 e6 5. g4 Bg6 6. Nge2 c5 7. Nf4 cxd4 8. Nxg6
hxg6 9. Qxd4 Nc6 10. Bb5 a6 11. Bxc6+ bxc6 12. Bf4 Rb8 13. b3 Rb4 14. Qd2 c5 15.
a3 Rd4 16. Qe3 Qa5 17. b4 Qb6 18. Rb1 cxb4 19. Ne2 Bc5 20. Nxd4 Bxd4 21. Qb3 Bxf2+
22. Ke2 Bh4 23. Qa4+ Kd8 24. Rhf1 Be7 25. axb4 g5 26. Be3 d4 27. Rbd1 Rxh2+ 28.
Rf2 Rxf2+ 29. Bxf2 Qb5+ 30. Qxb5 axb5 31. Rxd4+ Kc7 32. Kd3 f6 33. Bg3 Kc6 34.
Kc3 Nh6 35. Kb3 f5 36. c4 Nxg4 37. cxb5+ Kxb5 38. Rd7 Bf6 39. exf6 gxf6 40. Bb8
f4 41. Rd6 Ne5 42. Rxe6 Nc6 43. Rxf6 Nxb8 44. Rf5+ Kb6 45. Rxg5 Nc6 46. Kc4 f3
47. Rf5 f2 48. Rxf2 Ne5+ 49. Kc3 Ng4 50. Rf4 Ne3 51. Re4 Nd5+ 52. Kc4 1-0

[Event "XXV Miedzynarodowy Festiwal Szachowy w Poznaniu - OPEN A"]
[Site "Poznan"]
[Date "2017.08.26"]
[Round "8.22"]
[White "Kozlowski, Tomasz"]
[Black "Lisiecki, Robert "]
[Result "1-0"]
[WhiteTitle ""]
[BlackTitle ""]
[WhiteElo "1918"]
[BlackElo "1772"]

1. c4 Nf6 2. Nc3 g6 3. g3 Bg7 4. Bg2 d6 5. d4 Nbd7 6. e4 e5 7. dxe5 Nxe5 8. f4
Nc6 9. e5 Qe7 10. Nd5 Nxd5 11. cxd5 Nd8 12. Nf3 dxe5 13. fxe5 Qb4+ 14. Qd2 Qc5
15. b4 Qb6 16. Qc3 a5 17. Bd2 axb4 18. Qxb4 Qxb4 19. Bxb4 Bg4 20. O-O Bxf3 21.
Rxf3 Bf8 22. Bxf8 Rxf8 23. Rc3 c6 24. dxc6 Nxc6 25. Rb3 Na5 26. Rb5 Ke7 27. Rc1
Rfd8 28. Rc2 Rd1+ 29. Kf2 Ra1 30. Bd5 Rd1 31. Ke2 Rd4 32. Ke3 Rxd5 33. Rxd5 Nc6
34. Rb5 Ra7 35. Rcb2 Ra3+ 36. R5b3 Ra5 37. Rxb7+ Ke6 38. R7b5 Ra3+ 39. R5b3 Ra5
40. Rb5 Ra3+ 41. Kf4 h6 42. Rb6 Ra4+ 43. Ke3 Kd5 44. Rd2+ Kc5 45. Rb7 Nxe5 46.
Rc2+ Kd5 47. Rb5+ Kd6 48. Kd2 Ra3 49. Rb3 Ra6 50. Kc1 Ra4 51. Re3 f6 52. Kb2 Kd5
53. Kb3 Ra8 54. Rd2+ Kc5 55. Rc3+ Kb5 56. a4+ Ka5 57. Rd6 Rb8+ 58. Ka3 Rb3+ 59.
Kxb3 Nc4 60. Rxc4 1-0

[Event "XXV Miedzynarodowy Festiwal Szachowy w Poznaniu - OPEN A"]
[Site "Poznan"]
[Date "2017.08.26"]
[Round "8.23"]
[White "Stachowiak, Slawomir "]
[Black "Wawrzyniak, Pawel"]
[Result "0-1"]
[WhiteTitle ""]
[BlackTitle ""]
[WhiteElo "1915"]
[BlackElo "1749"]

1. e4 e6 2. d4 d5 3. Nc3 Nf6 4. e5 Nfd7 5. Nf3 c5 6. Bb5 Nc6 7. Bxc6 bxc6 8. O-O
Be7 9. dxc5 Bxc5 10. a3 a5 11. Na4 Be7 12. Bd2 c5 13. Re1 O-O 14. Nc3 a4 15. Bf4
Qb6 16. Rb1 Qc6 17. Qd2 Nb6 18. Qc1 Bd7 19. Bg3 Ra7 20. Ne2 Rb8 21. Nd2 Qc8 22.
Nc3 Bc6 23. Qd1 Rab7 24. Qg4 Qe8 25. h4 Nc4 26. Nxc4 dxc4 27. Qxc4 Rxb2 28. Rxb2
Rxb2 29. Ne4 Bd5 30. Qc3 Ra2 31. Nd6 Qb8 32. Qxc5 Qa8 33. Qc7 Qd8 34. Qc5 h5 35.
Rb1 Bxh4 36. Qa7 Qe7 37. Qxa4 Bxg3 38. fxg3 Qg5 39. Qe8+ Kh7 40. Qxf7 Rxc2 41.
Ne8 Qxe5 42. Nxg7 Rxg2+ 43. Kf1 Qe2# 0-1

[Event "XXV Miedzynarodowy Festiwal Szachowy w Poznaniu - OPEN A"]
[Site "Poznan"]
[Date "2017.08.26"]
[Round "8.24"]
[White "Kaluzny, Lukasz"]
[Black "Wojdak, Karol"]
[Result "1-0"]
[WhiteTitle ""]
[BlackTitle ""]
[WhiteElo "1910"]
[BlackElo "1372"]

1. e4 e5 2. Nf3 Nc6 3. Bc4 Bc5 4. c3 Nf6 5. d4 exd4 6. e5 d5 7. Bb5 Ne4 8. cxd4
Bb4+ 9. Bd2 Nxd2 10. Nbxd2 O-O 11. a3 Be7 12. Bxc6 bxc6 13. Qc2 Rb8 14. O-O Bd7
15. b4 Qc8 16. Nb3 Rb5 17. Rac1 Qa6 18. Na5 Rb6 19. Nd2 Qe2 20. Rce1 Qg4 21. Ndb3
Bf5 22. Qc3 Qg6 23. Re3 Qh6 24. f4 Re8 25. h3 Bf8 26. g4 Bd7 27. Nd2 Qh4 28. Kg2
Qd8 29. Qd3 c5 30. dxc5 Bb5 31. Qd4 Bxf1+ 32. Nxf1 Rbe6 33. f5 Rh6 34. Nd2 Qa8
35. Nf3 Ra6 36. c6 Rxa5 37. bxa5 Qxc6 38. Rc3 Qb7 39. Rd3 Rd8 40. f6 c5 41. Qf4
g6 42. Kg3 d4 43. Ng5 Qb1 44. Rf3 Qe1+ 45. Kg2 d3 46. Rf1 d2 47. Nxf7 Kxf7 48.
Qc4+ Ke8 49. Qe6+ 1-0

[Event "XXV Miedzynarodowy Festiwal Szachowy w Poznaniu - OPEN A"]
[Site "Poznan"]
[Date "2017.08.26"]
[Round "8.25"]
[White "Wojdak, Jan"]
[Black "Duszczak, Dariusz"]
[Result "0-1"]
[WhiteTitle ""]
[BlackTitle ""]
[WhiteElo "1624"]
[BlackElo "1892"]

1. e4 c6 2. d4 d5 3. Nc3 dxe4 4. Nxe4 Nf6 5. Nxf6+ gxf6 6. c3 Bf5 7. Nf3 e6 8.
g3 Qd5 9. Bg2 Qc4 10. Be3 Nd7 11. Qd2 O-O-O 12. b3 Qd3 13. Rd1 Qa6 14. Nh4 Bg4
15. Rb1 e5 16. d5 cxd5 17. Bxd5 Nb6 18. Bxb6 Rxd5 19. Bd4 exd4 20. c4 Qe6+ 21.
Kf1 Qe4 22. f3 Bh3+ 23. Kf2 Qe3+ 24. Qxe3 dxe3+ 25. Kxe3 Bh6+ 26. Ke4 Re5+ 27.
Kd3 Rd8+ 28. Kc3 Re3+ 29. Kb4 Bf8+ 30. Ka4 Bd7+ 31. Ka5 Re5+ 32. c5 Rxc5+ 33.
Kb4 Rc2+ 34. Ka5 Rxa2# 0-1

[Event "XXV Miedzynarodowy Festiwal Szachowy w Poznaniu - OPEN A"]
[Site "Poznan"]
[Date "2017.08.26"]
[Round "8.26"]
[White "Kaluzny, Tomasz"]
[Black "Korpalska, Joanna"]
[Result "1-0"]
[WhiteTitle ""]
[BlackTitle ""]
[WhiteElo "1890"]
[BlackElo "1733"]

1. c4 c5 2. Nf3 Nc6 3. d4 cxd4 4. Nxd4 Nf6 5. Nc3 d6 6. g3 Qb6 7. e3 g6 8. Bg2
Bg7 9. O-O O-O 10. b3 Bd7 11. Bb2 Ne5 12. Qe2 Rab8 13. Rac1 Rfc8 14. Nf3 Bg4 15.
e4 a6 16. Ba1 Qc5 17. Qe3 Nxf3+ 18. Bxf3 Bh3 19. Bg2 Ng4 20. Qe2 Qh5 21. Bxh3
Qxh3 22. f3 Bd4+ 23. Kh1 Nf6 24. Nd5 Nxd5 25. Bxd4 Nb4 26. f4 Nc6 27. Ba1 Qd7
28. f5 f6 29. fxg6 hxg6 30. Qe3 Kg7 31. Rcd1 Qe6 32. Qf4 Ne5 33. Rd5 Rh8 34. Bxe5
dxe5 35. Qf2 Qh3 36. Qg2 Qxg2+ 37. Kxg2 Rhd8 38. Rfd1 Rxd5 39. Rxd5 Kf7 40. b4
Rc8 41. c5 Ke6 42. Kf3 Rh8 43. Rd2 Rc8 44. h4 Rc7 45. g4 Kf7 46. h5 g5 47. Ke3
a5 48. a3 axb4 49. axb4 Rc6 50. Rc2 Ra6 51. Rc3 Ke6 52. b5 Ra8 53. c6 bxc6 54.
bxc6 Rc8 55. c7 Kf7 56. Rc5 e6 57. Kd3 f5 58. exf5 exf5 59. gxf5 Kf6 60. Ke4 g4
61. h6 Kf7 62. Rc6 Kg8 63. f6 1-0

[Event "XXV Miedzynarodowy Festiwal Szachowy w Poznaniu - OPEN A"]
[Site "Poznan"]
[Date "2017.08.26"]
[Round "8.27"]
[White "Glatty, Zbigniew "]
[Black "Huchwajda, Katarzyna "]
[Result "1-0"]
[WhiteTitle ""]
[BlackTitle ""]
[WhiteElo "1879"]
[BlackElo "1779"]

1. e4 c5 2. Nf3 e6 3. d4 cxd4 4. Nxd4 Nc6 5. Be3 Nf6 6. Bd3 d5 7. Nxc6 bxc6 8.
e5 Nd7 9. f4 c5 10. c3 Bb7 11. O-O g6 12. Nd2 Bc6 13. c4 d4 14. Bf2 Bh6 15. Bg3
O-O 16. Be4 Qc7 17. Qf3 Bxe4 18. Nxe4 Bg7 19. Bh4 Rab8 20. Be7 Rfe8 21. Bd6 Qa5
22. Bxb8 Rxb8 23. b3 Qc7 24. Rfd1 a5 25. Nd6 Bf8 26. Nb5 Qb6 27. a4 Rb7 28. Rd3
Nb8 29. Qe4 Qc6 30. Qe2 Na6 31. h4 Nb4 32. Rh3 Rd7 33. h5 d3 34. Qf3 Qxf3 35.
Rxf3 Be7 36. hxg6 hxg6 37. Kf2 Bh4+ 38. g3 Be7 39. Ke3 Bf8 40. Kd2 Bg7 41. Nd6
Kf8 42. Ne4 Rc7 43. Nf2 Rb7 44. Nxd3 Nxd3 45. Rxd3 Ke7 46. Kc2 g5 47. Rh1 gxf4
48. gxf4 Rb8 49. Rh7 Rg8 50. Rg3 Kf8 51. Rh1 f6 52. exf6 Bxf6 53. Rxg8+ Kxg8 54.
Kd3 e5 55. fxe5 Bxe5 56. Ke4 Bc3 57. Kd5 Bb4 58. Rh6 Kf7 59. Rc6 1-0

[Event "XXV Miedzynarodowy Festiwal Szachowy w Poznaniu - OPEN A"]
[Site "Poznan"]
[Date "2017.08.26"]
[Round "8.28"]
[White "Hoffmann, Piotr"]
[Black "Zielinski, Olgierd "]
[Result "0-1"]
[WhiteTitle ""]
[BlackTitle ""]
[WhiteElo "1651"]
[BlackElo "1869"]

1. Nc3 c5 2. d4 cxd4 3. Qxd4 Nc6 4. Qh4 Nf6 5. Bg5 e6 6. Bxf6 Qxf6 7. Qxf6 gxf6
8. Nb5 Bb4+ 9. c3 Ba5 10. Nd6+ Ke7 11. O-O-O a6 12. Nf3 Bc7 13. Ne4 Ne5 14. Nxe5
fxe5 15. e3 f5 16. Nd2 b5 17. Rg1 Bb7 18. f3 Bb6 19. Bd3 Bxe3 20. Rge1 f4 21.
Kc2 d5 22. Nf1 d4 23. Nxe3 dxe3 24. Bf1 e4 25. Be2 Rhg8 26. Rg1 Rad8 27. Rxd8
Kxd8 28. fxe4 Bxe4+ 29. Bd3 Rxg2+ 30. Rxg2 Bxg2 31. Bxh7 f3 32. Be4 f2 33. Bd3
Be4 0-1

[Event "XXV Miedzynarodowy Festiwal Szachowy w Poznaniu - OPEN A"]
[Site "Poznan"]
[Date "2017.08.26"]
[Round "8.29"]
[White "Wilk, Oktawia"]
[Black "Godek, Martyna "]
[Result "1/2-1/2"]
[WhiteTitle ""]
[BlackTitle ""]
[WhiteElo "1848"]
[BlackElo "1634"]

1. e4 e5 2. Nf3 Nc6 3. Bb5 d6 4. O-O Bd7 5. c3 Nf6 6. Re1 Be7 7. d4 exd4 8. cxd4
O-O 9. Nc3 a6 10. Bc4 Bg4 11. Be2 b5 12. a3 Rb8 13. b4 Re8 14. d5 Ne5 15. Nxe5
Bxe2 16. Nxe2 dxe5 17. Ng3 Qd7 18. Nf5 Bf8 19. f3 c6 20. Bg5 Nxd5 21. Rc1 Rbc8
22. Be3 Nf6 23. Bc5 Re6 24. Qe2 g6 1/2-1/2

[Event "XXV Miedzynarodowy Festiwal Szachowy w Poznaniu - OPEN A"]
[Site "Poznan"]
[Date "2017.08.26"]
[Round "8.30"]
[White "Frackowiak, Andrzej"]
[Black "Szymanski, Zbigniew"]
[Result "1/2-1/2"]
[WhiteTitle ""]
[BlackTitle ""]
[WhiteElo "1611"]
[BlackElo "1844"]

1. d4 e6 2. Bf4 d5 3. e3 Bd6 4. Bg3 Nf6 5. Nf3 O-O 6. Bd3 c5 7. c3 Nc6 8. Nbd2
b6 9. Qe2 cxd4 10. exd4 Bb7 11. Ne5 Re8 12. O-O Qc7 13. Rfe1 Rac8 14. Nxc6 Bxc6
15. Bxd6 Qxd6 16. Qe5 1/2-1/2

[Event "XXV Miedzynarodowy Festiwal Szachowy w Poznaniu - OPEN A"]
[Site "Poznan"]
[Date "2017.08.26"]
[Round "8.31"]
[White "Kukorowski, Jan"]
[Black "Simon, Marek "]
[Result "0-1"]
[WhiteTitle ""]
[BlackTitle ""]
[WhiteElo "1670"]
[BlackElo "1837"]

1. e4 c6 2. d4 d5 3. Nc3 dxe4 4. Nxe4 Bf5 5. Ng3 Bg6 6. h4 h6 7. h5 Bh7 8. f4 e6
9. Nf3 Nf6 10. Bd3 Bxd3 11. Qxd3 Qc7 12. Ne5 Nbd7 13. Bd2 c5 14. O-O-O cxd4 15.
Qxd4 Bc5 16. Qa4 Rd8 17. Ne4 Nxe4 18. Qxe4 O-O 19. Bc3 Nf6 20. Qf3 Nd5 21. Bd2
Bd6 22. Nd3 Qc4 23. Kb1 Nb4 24. Bxb4 Bxb4 25. Nxb4 Qxb4 26. g4 Qe7 27. Rdg1 Rd5
28. Qe3 Qc5 29. Qe2 Rfd8 30. Qf3 Rd2 31. Rc1 Qd5 32. Qh3 Qg2 33. Qe3 Rxc2 34.
Rxc2 Qxh1+ 35. Rc1 Rd1 36. Qc5 Rxc1+ 37. Qxc1 Qxc1+ 38. Kxc1 f5 39. g5 Kf7 40.
Kd2 e5 41. g6+ Ke6 42. Ke3 Kd5 43. b3 b6 44. a3 a6 45. b4 b5 46. fxe5 Kxe5 0-1

[Event "XXV Miedzynarodowy Festiwal Szachowy w Poznaniu - OPEN A"]
[Site "Poznan"]
[Date "2017.08.26"]
[Round "8.32"]
[White "Lascar, Radoslawa"]
[Black "Grochowski, Michal "]
[Result "1-0"]
[WhiteTitle ""]
[BlackTitle ""]
[WhiteElo "1778"]
[BlackElo "1616"]

1. e4 c5 2. c3 e6 3. d4 d5 4. e5 Nc6 5. Nf3 Qb6 6. a3 c4 7. Nbd2 Na5 8. Be2 Bd7
9. O-O f5 10. Rb1 Qc7 11. Qe1 Ne7 12. b4 Nac6 13. Ng5 h6 14. Nh3 O-O-O 15. f4
Rg8 16. Nf3 Be8 17. Qd1 Kb8 18. a4 Nc8 19. Nh4 Be7 20. Nf3 Ka8 21. Bd2 Bh5 22.
Qc1 Bg4 23. Kh1 Rdf8 24. Bd1 Qd8 25. a5 Bxh3 26. gxh3 g5 27. Rg1 g4 28. hxg4 fxg4
29. Ne1 h5 30. Ba4 Nb8 31. Qd1 Rf7 32. Bc2 Qf8 33. Ra1 Bd8 34. Qb1 Qg7 35. Nf3
Qf8 36. Ne1 Ne7 37. a6 b6 38. Ng2 Nf5 39. Qe1 Qe7 40. Bxf5 Rxf5 41. Qf1 Rff8 42.
Be1 Qd7 43. Ne3 Nc6 44. Qg2 Rxf4 45. Nxc4 Bc7 46. b5 Ne7 47. Rb1 Kb8 48. Ne3 Rf3
49. Qe2 Ng6 50. Ng2 Qf7 51. c4 Nf4 52. Nxf4 Qxf4 53. cxd5 exd5 54. Bg3 Qxd4 55.
Rbe1 Re8 56. Qc2 Qc5 57. Qg6 Rff8 58. Rc1 Qxb5 59. Rxc7 Qb3 60. Rcc1 Qf3+ 61.
Rg2 Rc8 62. Qb1 Qe3 63. e6+ Ka8 64. Re1 Qc5 65. e7 Rfe8 66. Rge2 Rc7 67. Bxc7
Qxc7 68. Qg6 Qd7 69. Qe6 Qb5 70. Rc2 Kb8 71. Qd6+ Ka8 72. Qd8+ 1-0

[Event "XXV Miedzynarodowy Festiwal Szachowy w Poznaniu - OPEN A"]
[Site "Poznan"]
[Date "2017.08.26"]
[Round "8.33"]
[White "Pawlowski, Rafal "]
[Black "Szafranski, Piotr"]
[Result "1-0"]
[WhiteTitle ""]
[BlackTitle ""]
[WhiteElo "1752"]
[BlackElo "1545"]

1. d4 d5 2. Bf4 e6 3. e3 f5 4. Nd2 Nf6 5. Be2 Bd6 6. Ngf3 O-O 7. O-O c6 8. c4 Qc7
9. Bxd6 Qxd6 10. c5 Qe7 11. Ne5 Bd7 12. b4 Be8 13. a4 Nbd7 14. Nxd7 Nxd7 15. f4
Rf6 16. Nf3 Bh5 17. Ra2 h6 18. Kh1 Kh7 19. Qc2 Rg8 20. Rb1 g5 21. b5 Qg7 22. g3
gxf4 23. exf4 Rg6 24. Rg1 Rg4 25. Qd2 Rg6 26. Ra3 Bg4 27. Rb3 Nf6 28. Ne5 Ne4
29. Qe3 Rf6 30. Bxg4 fxg4 31. Rgb1 Kh8 32. bxc6 bxc6 33. Rb7 Qf8 34. Nd7 Qd8 35.
Nxf6 Qxf6 36. Rxa7 Qg6 37. Rbb7 h5 38. Rh7+ Qxh7 39. Rxh7+ Kxh7 40. Qb3 h4 41.
a5 hxg3 42. hxg3 1-0

[Event "XXV Miedzynarodowy Festiwal Szachowy w Poznaniu - OPEN A"]
[Site "Poznan"]
[Date "2017.08.26"]
[Round "8.34"]
[White "Geselle , Roman"]
[Black "Kwiatkowski, Jacek "]
[Result "0-1"]
[WhiteTitle ""]
[BlackTitle ""]
[WhiteElo "1429"]
[BlackElo "1751"]

1. d4 c5 2. Nf3 e6 3. a3 Nf6 4. Bg5 cxd4 5. Nxd4 Be7 6. e3 Qa5+ 7. Nc3 Qxg5 8.
Ndb5 Qc5 9. Qd4 Na6 10. Qf4 O-O 11. b4 Qc6 12. Rd1 Nxb4 13. axb4 a6 14. Bc4 d5
0-1

[Event "XXV Miedzynarodowy Festiwal Szachowy w Poznaniu - OPEN A"]
[Site "Poznan"]
[Date "2017.08.26"]
[Round "8.35"]
[White "Nicikowski, Jozef"]
[Black "Litke, Slawomir"]
[Result "1-0"]
[WhiteTitle ""]
[BlackTitle ""]
[WhiteElo "1490"]
[BlackElo "1730"]

1. e4 e5 2. d3 Nf6 3. g3 Bc5 4. Bg2 O-O 5. Nf3 d6 6. O-O Nc6 7. c3 Bb6 8. h3 h6
9. Re1 Re8 10. Nbd2 a6 11. Nf1 Bd7 12. Be3 Bxe3 13. Nxe3 Ne7 14. a4 Ng6 15. Nf1
h5 16. Ng5 Qe7 17. h4 Ng4 18. f3 Nf6 19. Ne3 Nf8 20. Qe2 g6 21. d4 N8h7 22. Nxh7
Kxh7 23. Nd5 Qd8 24. Qd3 Nxd5 25. exd5 c6 26. dxe5 dxe5 27. Rad1 Bf5 28. Qc4 cxd5
29. Rxd5 Qb6+ 30. Qc5 Qxb2 31. Rdxe5 Rxe5 32. Qxe5 Qb6+ 33. Re3 Rc8 34. Kh2 Rc5
35. Qd4 Qc7 36. Re8 f6 37. Qxf6 Qg7 38. Re7 1-0

[Event "XXV Miedzynarodowy Festiwal Szachowy w Poznaniu - OPEN A"]
[Site "Poznan"]
[Date "2017.08.26"]
[Round "8.36"]
[White "Stochnialek, Dominika"]
[Black "Huchwajda, Grzegorz"]
[Result "1/2-1/2"]
[WhiteTitle ""]
[BlackTitle ""]
[WhiteElo "1719"]
[BlackElo "1566"]

1. e4 c5 2. Nf3 e6 3. d4 cxd4 4. Nxd4 Nf6 5. Nc3 Nc6 6. Nxc6 bxc6 7. e5 Nd5 8.
Ne4 Qc7 9. f4 Qb6 10. c4 Ne3 11. Qd3 Bb4+ 12. Bd2 O-O 13. Bxb4 Qxb4+ 14. Qd2 Rb8
15. Rb1 Nc2+ 16. Kd1 Na3 17. Kc1 Qxd2+ 18. Nxd2 Nxb1 19. Kxb1 d5 20. exd6 Ba6
21. Ne4 Rfd8 22. c5 Bxf1 23. Rxf1 f6 24. Rf3 Rb4 25. Nd2 Kf7 26. Kc2 Ke8 27. g3
Kd7 28. b3 Re8 29. Kc3 Rb5 30. Kc4 Reb8 31. a3 Re8 32. Ne4 1/2-1/2

[Event "XXV Miedzynarodowy Festiwal Szachowy w Poznaniu - OPEN A"]
[Site "Poznan"]
[Date "2017.08.26"]
[Round "8.37"]
[White "Tomczak, Marta "]
[Black "Kupsik, Joanna "]
[Result "1-0"]
[WhiteTitle ""]
[BlackTitle ""]
[WhiteElo "1480"]
[BlackElo "1703"]

1. e4 c5 2. c3 e6 3. d4 cxd4 4. cxd4 d6 5. Nf3 Nc6 6. Bd3 Nf6 7. O-O Be7 8. a3
Qc7 9. Qc2 a6 10. Bg5 Qb6 11. e5 Nd5 12. Bxe7 Ncxe7 13. Nc3 Bd7 14. Nxd5 Nxd5
15. Bxh7 Rc8 16. Qb1 Nf4 17. Qe4 Nd5 18. Qb1 Ke7 19. Be4 Nf4 20. Re1 d5 21. Bc2
g5 22. Qc1 Rcg8 23. Bb1 Rc8 24. Bc2 Bb5 25. Qd2 Ne2+ 26. Kh1 Nf4 27. Nxg5 Ne2
28. Qb4+ Kd7 29. Rxe2 a5 30. Qb3 Qxd4 31. Qxb5+ Kd8 1-0

[Event "XXV Miedzynarodowy Festiwal Szachowy w Poznaniu - OPEN A"]
[Site "Poznan"]
[Date "2017.08.26"]
[Round "8.38"]
[White "Zurawski, Mateusz"]
[Black "Czarnolewski, Piotr"]
[Result "1-0"]
[WhiteTitle ""]
[BlackTitle ""]
[WhiteElo "1328"]
[BlackElo "1677"]

1. e4 g6 2. d4 Bg7 3. Nc3 d6 4. Be3 a6 5. Qd2 b5 6. O-O-O Bb7 7. f3 Nc6 8. g4 h6
9. Kb1 e5 10. dxe5 Nxe5 11. Bd4 Nf6 12. f4 Nxe4 13. Nxe4 Bxe4 14. Bg2 Nc4 15.
Qe2 O-O 16. Qxe4 d5 17. Qd3 Bxd4 18. Qxd4 Qe7 19. Qd3 c6 20. Nf3 Qf6 21. Qd4 Qd6
22. b3 Na3+ 23. Kb2 a5 24. Nd2 Rfe8 25. Ne4 Nc4+ 26. Qxc4 Qe6 27. Qe2 dxe4 28.
Kb1 a4 29. Rhe1 axb3 30. cxb3 Qf6 31. f5 c5 32. Qb2 Qa6 33. Bxe4 Ra7 34. fxg6
fxg6 35. Bd5+ Kf8 36. Rxe8+ Kxe8 37. Bf7+ Ke7 38. Qe2+ 1-0

[Event "XXV Miedzynarodowy Festiwal Szachowy w Poznaniu - OPEN A"]
[Site "Poznan"]
[Date "2017.08.26"]
[Round "8.39"]
[White "Walkowski, Jonasz"]
[Black "Zurawski, Kamil"]
[Result "1-0"]
[WhiteTitle ""]
[BlackTitle ""]
[WhiteElo "1496"]
[BlackElo "1665"]

1. d4 f5 2. c4 Nf6 3. Nc3 g6 4. Nf3 Bg7 5. Bf4 d6 6. e3 O-O 7. Bd3 c6 8. O-O Nh5
9. Qb3 Nxf4 10. exf4 Na6 11. c5+ Kh8 12. Bxa6 bxa6 13. Ng5 d5 14. Nf3 Qc7 15.
g3 a5 16. Rfe1 Ba6 17. Qc2 Rab8 18. b3 Rb4 19. a3 Rb7 20. Ng5 Qd7 21. Ne6 Rf6
22. Nxg7 Kxg7 23. Re5 Re6 24. Rae1 Rxe5 25. Rxe5 Kf7 26. Nb1 Qd8 27. Nd2 h6 28.
Nf3 Qb8 29. Re3 Rc7 30. Qc3 Qb5 31. Qe1 a4 32. b4 Bc8 33. Ne5+ Kf6 34. Nd3 Qc4
35. Qa1 e6 36. Ne5 Qc2 37. Qe1 Ba6 38. g4 Bb5 39. g5+ hxg5 40. fxg5+ Kg7 41. Rh3
f4 42. Rh6 Be2 43. Rxg6+ Kh8 44. Rh6+ Rh7 45. Ng6+ Kg7 46. Rxh7+ Kxh7 47. Nxf4
Bf3 48. Ng2 Qf5 49. Qe5 Qg4 50. Qg3 Qf5 51. h4 Be2 52. Kh2 Kg6 53. Nf4+ 1-0

[Event "XXV Miedzynarodowy Festiwal Szachowy w Poznaniu - OPEN A"]
[Site "Poznan"]
[Date "2017.08.26"]
[Round "8.40"]
[White "Tadych, Szymon "]
[Black "Wolniaczyk, Daria"]
[Result "1/2-1/2"]
[WhiteTitle ""]
[BlackTitle ""]
[WhiteElo "1501"]
[BlackElo "1629"]

1. e4 c5 2. Nf3 Nc6 3. d4 cxd4 4. Nxd4 g6 5. Be3 Bg7 6. Nc3 d6 7. Be2 Nf6 8. O-O
O-O 9. f4 a6 10. Bf3 Qc7 11. Nxc6 bxc6 12. Ne2 Rb8 13. Rb1 Bg4 14. Bxg4 Nxg4 15.
Bd4 e5 16. fxe5 Bxe5 17. Bxe5 Nxe5 18. b3 Qe7 19. c4 f6 20. Nf4 f5 21. exf5 Rxf5
22. Nd3 Rbf8 23. Rxf5 Rxf5 24. Qd2 Nxd3 25. Qxd3 Re5 26. Kf2 Qh4+ 27. Kg1 Re1+
28. Rxe1 Qxe1+ 29. Qf1 Qe3+ 30. Qf2 Qc1+ 31. Qf1 Qb2 32. Qe1 Qd4+ 33. Kf1 Kf7
34. g3 Qd3+ 35. Qe2 Qf5+ 36. Qf2 Kf6 37. Ke2 c5 38. g4 Qxf2+ 39. Kxf2 Kg5 40.
Kg3 h6 41. a3 a5 1/2-1/2

[Event "XXV Miedzynarodowy Festiwal Szachowy w Poznaniu - OPEN A"]
[Site "Poznan"]
[Date "2017.08.26"]
[Round "8.41"]
[White "Purczynski, Andrzej"]
[Black "Hoffmann, Kacper "]
[Result "0-1"]
[WhiteTitle ""]
[BlackTitle ""]
[WhiteElo "1243"]
[BlackElo "1588"]

1. e4 d6 2. d4 Nf6 3. Nc3 g6 4. f4 Bg7 5. Nf3 Bg4 6. h3 Bxf3 7. Qxf3 c6 8. e5 dxe5
9. dxe5 Nd5 10. Bd2 e6 11. O-O-O Nd7 12. Nxd5 cxd5 13. Bb4 Bf8 14. Bxf8 Kxf8 15.
Qa3+ Qe7 16. Qd6 Qxd6 17. exd6 Rc8 18. Kb1 Rc6 19. Bb5 Rxd6 20. c4 b6 21. cxd5
exd5 22. Rd4 Kg7 23. Rhd1 Nf6 24. g4 Rhd8 25. Bc4 Ne4 26. Rxd5 Rxd5 27. Rxd5 Rxd5
28. Bxd5 Nf2 29. Bg2 Nd3 30. f5 gxf5 31. gxf5 Kf6 32. Bf1 Nf2 33. Kc2 Kxf5 34.
Kd2 Kf4 35. Ke2 Kg3 36. h4 Ng4 37. h5 Nh2 38. h6 Nxf1 39. Kxf1 f5 40. Kg1 f4 41.
b4 b5 42. a3 a6 43. Kf1 f3 44. Kg1 f2+ 45. Kf1 Kf3 46. a4 bxa4 47. b5 a3 48. bxa6
a2 0-1

[Event "XXV Miedzynarodowy Festiwal Szachowy w Poznaniu - OPEN A"]
[Site "Poznan"]
[Date "2017.08.26"]
[Round "8.42"]
[White "Polak, Karol "]
[Black "Lapinski, Jerzy"]
[Result "1-0"]
[WhiteTitle ""]
[BlackTitle ""]
[WhiteElo "1581"]
[BlackElo "1280"]

1. e4 c6 2. d4 d5 3. exd5 cxd5 4. Nf3 Nf6 5. Bg5 e6 6. Bb5+ Bd7 7. Bxd7+ Nbxd7
8. O-O Bd6 9. Nc3 a6 10. Re1 O-O 11. Ne5 Qc7 12. Bf4 Rac8 13. Re3 b5 14. Rh3 Nxe5
15. dxe5 Bxe5 16. Bxe5 Qxe5 17. Qd2 Qd6 18. Re1 Rc4 19. Ree3 Qf4 20. Ne2 Qc7 21.
c3 Rc8 22. Reg3 Ne4 23. Rxg7+ Kxg7 24. Qh6+ Kg8 25. Nf4 Qe5 26. Nh5 Kh8 27. f4
Qc7 28. Qg7# 1-0